Countries in Africa - Sudden Death - Statistics

General Stats
  • This quiz has been taken 80 times
  • The average score is 11 of 14
Answers on the Grid
Answers color-coded by a green-red scale on the quiz's grid according to % correct below.
Malaysia
Mali
Copenhagen
Cape Verde
Senegal
Somalia
Laos
Kuwait
Zambia
Lebanon
Libya
Sri Lanka
South Sudan
Suriname
Eritrea
Algeria
Pakistan
Ethiopia
Lesotho
Nauru
Angola
Niger
Tonga
Peru
Chad
Brunei
 
Answer Stats
Answer % Correct
Ethiopia
86%
Niger
86%
South Sudan
86%
Chad
84%
Libya
83%
Angola
79%
Lesotho
79%
Mali
79%
Somalia
79%
Algeria
78%
Zambia
78%
Senegal
76%
Cape Verde
73%
Eritrea
71%
No matching quizzes found
Score Distribution
Percent of People with Each Score
Percentile by Number Answered
Your Score History
You have not taken this quiz